000 00804nam a2200253 a 4500
008
020 _a0521586887 (cased)
049 _aMAIN
090 _aQD31.2
_bHAR
245 0 0 _aIntroductory chemistry for the environmental sciences /
_cRoy M. Harrison... [et al.]
260 _aCambridge :
_bCambridge University Press,
_c1991.
300 _aviii, 373 p. :
_bill. ;
_c26 cm.
440 0 _aCambridge environmental chemistry series ;
_v 4.
500 _aIncludes index.
504 _aIncludes bibliographical references.
650 0 _aEnvironmental chemistry.
650 _aChemistry.
700 1 _aHarrison, Roy M.
907 _a.b10135297
_b20-03-12
_c08-09-04
003
005 20230123133821.0
040 _cNUST
942 _cBOOKS
_kQD31.2
_mHAR
999 _c155150
_d155150